Cambridge English for the media
Saved in:
| Main Author: | |
|---|---|
| Other Authors: | |
| Format: | Book |
| Language: | English |
| Published: |
Cambridge
Cambridge University Press
2008
|
| Series: | Professional English
|
| Subjects: | |
| Tags: |
No Tags, Be the first to tag this record!
|
MARC
| LEADER | 00000nam a2200000 4500 | ||
|---|---|---|---|
| 001 | 0118735 | ||
| 005 | 20250814075011.7 | ||
| 020 | |a 978-0-521-72457-9 | ||
| 041 | 0 | |a eng | |
| 044 | |a GB | ||
| 245 | 1 | 0 | |a Cambridge English for the media |c Nick Ceramella and Elizabeth Lee |
| 264 | 1 | |a Cambridge |b Cambridge University Press |c 2008 | |
| 300 | |a 112 s. |e 1 CD-ROM | ||
| 490 | 1 | |a Professional English | |
| 830 | 0 | |a Professional English | |
| 610 | 2 | 0 | |a jazykoveda |
| 610 | 2 | 0 | |a terminológia |
| 610 | 2 | 0 | |a angličtina |
| 610 | 2 | 0 | |a médiá |
| 100 | 1 | |a Ceramella, Nick | |
| 700 | 1 | |a Lee, Elizabeth | |